Sextus Empiricus / (Record no. 172412)
[ view plain ]
| 000 -LEADER | |
|---|---|
| campo de control de longitud fija | 01256nam a2200289 i 4500 |
| 001 - NÚMERO DE CONTROL | |
| campo de control | 172412 |
| 003 - IDENTIFICADOR DE NÚMERO DE CONTROL | |
| campo de control | ES-MaACL |
| 005 - FECHA Y HORA DE LA ÚLTIMA TRANSACCIÓN | |
| campo de control | 20250827231412.0 |
| 008 - DATOS DE LONGITUD FIJA--INFORMACIÓN GENERAL | |
| campo de control de longitud fija | 090702m19491957xxk |||| | eng d |
| 080 ## - NÚMERO DE LA CLASIFICACIÓN DECIMAL UNIVERSAL | |
| Número de la Clasificación Decimal Universal | 1 Sexto Empírico |
| 080 ## - NÚMERO DE LA CLASIFICACIÓN DECIMAL UNIVERSAL | |
| Número de la Clasificación Decimal Universal | 165.72 |
| 100 0# - ENTRADA PRINCIPAL--NOMBRE DE PERSONA | |
| Nombre de persona | Sexto Empírico. |
| 9 (RLIN) | 105957 |
| 245 10 - MENCIÓN DEL TÍTULO | |
| Título | Sextus Empiricus / |
| Mención de responsabilidad, etc. | with an english translation by R.G. Bury ; in four volumes. |
| 260 ## - PUBLICACIÓN, DISTRIBUCIÓN, ETC. | |
| Lugar de publicación, distribución, etc. | London : |
| Nombre del editor, distribuidor, etc. | William Heinemann ; |
| Lugar de publicación, distribución, etc. | Cambridge (Massachusetts) : |
| Nombre del editor, distribuidor, etc. | Harvard University Press, |
| Fecha de publicación, distribución, etc. | 1949-1957. |
| 300 ## - DESCRIPCIÓN FÍSICA | |
| Extensión | 4 v. ; |
| Dimensiones | 17 cm. |
| 490 1# - MENCIÓN DE SERIE | |
| Mención de serie | The Loeb classical library |
| 500 ## - NOTA GENERAL | |
| Nota general | Índice. |
| 505 8# - NOTA DE CONTENIDO CON FORMATO | |
| Nota de contenido con formato | Contiene : I ; |
| Título | Outlines of pyrrhonism (XLV, 513, 10 p.) - II ; |
| -- | Against the logicians (VII, 489, 10 p.) - III ; |
| -- | Against the physicists ; Against the ethicists (VI, 555 p.) - IV ; |
| -- | Against the professors (VII, 409 p.) |
| 546 ## - NOTA DE IDIOMA | |
| Nota de lengua/lenguaje | Texto paralelo en griego e inglés. |
| 595 ## - | |
| -- | v. 4 publ. en 1949. |
| 650 07 - PUNTO DE ACCESO ADICIONAL DE MATERIA--TÉRMINO DE MATERIA | |
| Término de materia o nombre geográfico como elemento de entrada | Escepticismo |
| Fuente del encabezamiento o término | embne |
| 9 (RLIN) | 12353 |
| 700 1# - ENTRADA AGREGADA--NOMBRE PERSONAL | |
| Nombre de persona | Bury, R. G. |
| 9 (RLIN) | 161446 |
| 830 0# - PUNTO DE ACCESO ADICIONAL DE SERIE-TÍTULO UNIFORME | |
| Título uniforme | The Loeb classical library |
| 9 (RLIN) | 189091 |
| 852 ## - LOCALIZACIÓN | |
| Ubicación | ES-MaACL |
| Número de control de estantería | E-12739-41 |
| Nota libre | . - Biblioteca Jacinto Martínez Lacalle |
| 852 ## - LOCALIZACIÓN | |
| Ubicación | ES-MaACL |
| Número de control de estantería | L-30972 |
| Nota libre | . - Biblioteca Jacinto Martínez Lacalle |
| Estatus retirado | Estado de pérdida | Estado de daño | No para préstamo | Biblioteca de origen | Biblioteca actual | Ubicación en estantería | Fecha de adquisición | Fuente de adquisición | Total de préstamos | Signatura topográfica completa | Código de barras | Visto por última vez | Precio de reemplazo | Tipo de ítem Koha |
|---|---|---|---|---|---|---|---|---|---|---|---|---|---|---|
| Biblioteca del Ateneo de Madrid | Biblioteca del Ateneo de Madrid | Depósito 2 | 02/07/2009 | E-12739-41 (v.1-3) | 1180934 | 23/02/2023 | 23/02/2023 | Libro impreso | ||||||
| Biblioteca del Ateneo de Madrid | Biblioteca del Ateneo de Madrid | Depósito 2 | 19/12/2016 | L-30972 (v. 4) | 1196846 | 23/02/2023 | 23/02/2023 | Libro impreso |
